Sports Quiz

Random Sports or Tennis Quiz

Nadal's 2013 loses Quiz Stats

 Plays Quiz not verified by Sporcle

Score 0/7 Timer 02:00
0 Plays Today
Tournament Player % Correct
Final, Monte Carlo MastersNovak Djokovic
99.2%
Final, China OpenNovak Djokovic
99.2%
Final, ATP World Tour FinalsNovak Djokovic
99.2%
Semi-Finals, Paris MastersDavid Ferrer
82%
1st Round, WimbledonSteve Darcis
80.3%
Final, Chile OpenHoracio Zeballos
64.8%
Semi-Finals, Shanghai MastersJuan Martin del Potro
41%

You're not logged in!

Compare scores with friends on all Sporcle quizzes.
OR
Log In

Show Comments

Extras

Top Quizzes Today


Score Distribution

Your Account Isn't Verified!

In order to create a playlist on Sporcle, you need to verify the email address you used during registration. Go to your Sporcle Settings to finish the process.

Report this User

Report this user for behavior that violates our Community Guidelines.

Details: